[Event "Russia-China Match Women"]
[Site "Moscow RUS"]
[Date "2016.06.11"]
[Round "1.1"]
[White "Lagno, Kateryna"]
[Black "Tan, Zhongyi"]
[Result "1-0"]
[WhiteTitle "GM"]
[BlackTitle "WGM"]
[WhiteElo "2524"]
[BlackElo "2509"]
[WhiteTeam "RUS"]
[BlackTeam "CHN"]
[WhiteFideId "14109336"]
[BlackFideId "8603642"]
[EventDate "2016.06.11"]

1. e4 c5 2. Nf3 Nc6 3. d4 cxd4 4. Nxd4 Qb6 5. Nb3 Nf6 6. Nc3 e6 7. a3 a6 8. Bf4
Ne7 9. Bd3 Ng6 10. Be3 Qc7 11. O-O h5 12. g3 b5 13. f4 Bb7 14. Qe2 Be7 15. h3 h4
16. g4 b4 17. axb4 Bxb4 18. Ra4 Bxc3 19. Rc4 Qb8 20. bxc3 O-O 21. Na5 d5 22. Rb4
dxe4 23. Bc4 Qc7 24. Nxb7 a5 25. Rb5 e5 26. g5 exf4 27. Bc5 Nd7 28. Bxf8 f3 29.
Bd6 fxe2 30. Bxc7 exf1=Q+ 31. Kxf1 a4 32. Nd6 Nge5 33. Ba2 Ra7 34. Rb7 Rxb7 35.
Nxb7 Kh7 36. Nd6 Nc5 37. Nxf7 Nf3 38. Bd6 Nb7 39. Bb4 Kg6 40. Bd5 1-0

[Event "Russia-China Match Women"]
[Site "Moscow RUS"]
[Date "2016.06.11"]
[Round "1.2"]
[White "Gunina, Valentina"]
[Black "Lei, Tingjie"]
[Result "1-0"]
[WhiteTitle "GM"]
[BlackTitle "WGM"]
[WhiteElo "2518"]
[BlackElo "2487"]
[WhiteTeam "RUS"]
[BlackTeam "CHN"]
[WhiteFideId "4167570"]
[BlackFideId "8605114"]
[EventDate "2016.06.11"]

1. d4 d5 2. c4 c6 3. Nf3 Nf6 4. e3 Bg4 5. h3 Bxf3 6. Qxf3 e6 7. Nc3 Bb4 8. Bd2
Nbd7 9. cxd5 exd5 10. Bd3 O-O 11. a3 Bxc3 12. Bxc3 Re8 13. O-O Ne4 14. Be1 Qg5
15. Qg4 Qd8 16. Qe2 Qg5 17. Kh2 c5 18. Bb5 Rad8 19. f3 Nef6 20. dxc5 d4 21. e4
Qxc5 22. Rd1 a6 23. Bxd7 Rxd7 24. Rd3 Nd5 25. Bd2 f5 26. e5 Ne3 27. Bxe3 Qxe5+
28. f4 Qe6 29. Re1 Ree7 30. Qc2 Rc7 31. Qd1 dxe3 32. Rexe3 Qf6 33. Rd8+ Kf7 34.
Qd5+ Re6 35. Rxe6 Qxe6 36. Rf8+ Kxf8 37. Qxe6 g6 38. Qf6+ Rf7 39. Qh8+ Ke7 40.
Kg3 Ke6 41. Kh4 1-0

[Event "Russia-China Match Women"]
[Site "Moscow RUS"]
[Date "2016.06.11"]
[Round "1.4"]
[White "Guo, Qi"]
[Black "Pogonina, Natalija"]
[Result "1/2-1/2"]
[WhiteTitle "IM"]
[BlackTitle "WGM"]
[WhiteElo "2447"]
[BlackElo "2482"]
[WhiteTeam "CHN"]
[BlackTeam "RUS"]
[WhiteFideId "8604002"]
[BlackFideId "4147855"]
[EventDate "2016.06.11"]

1. d4 Nf6 2. Nf3 e6 3. c4 d5 4. Nc3 Be7 5. Bg5 h6 6. Bxf6 Bxf6 7. e3 O-O 8. Rc1
Nc6 9. a3 Ne7 10. Bd3 dxc4 11. Bxc4 Bd7 12. Ne4 Ng6 13. O-O Bc6 14. Qc2 Nh4 15.
Nxh4 Bxh4 16. Nc3 Bf6 17. Rfd1 Qe8 18. Bd3 Rd8 19. Be4 Be7 20. Qb3 Bd6 21. Bxc6
Qxc6 22. d5 Qb6 23. Qxb6 axb6 24. Nb5 Be5 25. f4 Bxb2 26. Rxc7 Rxd5 27. Rxd5
exd5 28. Rxb7 Ra8 29. Rxb6 Bxa3 30. Rc6 Bb4 31. Rc2 Ra5 32. Nd4 Bc5 33. Kf2 Bxd4
34. exd4 Ra4 35. Ke3 Ra3+ 36. Ke2 Ra4 37. Ke3 Ra3+ 38. Ke2 Ra4 39. Ke3 Ra3+ 40.
Ke2 Ra4 41. Ke3 1/2-1/2

[Event "Russia-China Match Women"]
[Site "Moscow RUS"]
[Date "2016.06.11"]
[Round "1.5"]
[White "Ding, Yixin"]
[Black "Bodnaruk, Anastasia"]
[Result "1-0"]
[WhiteTitle "WGM"]
[BlackTitle "IM"]
[WhiteElo "2419"]
[BlackElo "2479"]
[WhiteTeam "CHN"]
[BlackTeam "RUS"]
[WhiteFideId "8602972"]
[BlackFideId "4181751"]
[EventDate "2016.06.11"]

1. e4 c5 2. Nf3 d6 3. d4 cxd4 4. Nxd4 Nf6 5. Nc3 a6 6. Be3 e5 7. Nde2 Be7 8. Ng3
O-O 9. Be2 Be6 10. O-O g6 11. Qd2 Re8 12. Nd5 Bxd5 13. exd5 h5 14. Bh6 Kh7 15.
Bg5 Nbd7 16. f4 exf4 17. Qxf4 Rf8 18. Rad1 Ng8 19. Bxe7 Qxe7 20. Bxh5 gxh5 21.
Qf5+ Kg7 22. Qxh5 f5 23. Rxf5 Rf6 24. Rdf1 Qe3+ 25. Kh1 Kf8 26. Qh8 Qd4 27. Nh5
Ke7 28. Nxf6 Ndxf6 29. Rxf6 Nxf6 30. Qxa8 1-0

[Event "Russia-China Match Women"]
[Site "Moscow RUS"]
[Date "2016.06.12"]
[Round "2.1"]
[White "Lagno, Kateryna"]
[Black "Guo, Qi"]
[Result "1-0"]
[WhiteTitle "GM"]
[BlackTitle "IM"]
[WhiteElo "2524"]
[BlackElo "2447"]
[WhiteTeam "RUS"]
[BlackTeam "CHN"]
[WhiteFideId "14109336"]
[BlackFideId "8604002"]
[EventDate "2016.06.11"]

1. e4 c6 2. Nc3 d5 3. Nf3 Bg4 4. h3 Bxf3 5. Qxf3 dxe4 6. Nxe4 Nd7 7. d4 Ngf6 8.
Bd3 Nxe4 9. Qxe4 Nf6 10. Qh4 e6 11. O-O Nd5 12. Qe4 Nf6 13. Qe3 Bd6 14. Qf3 Bc7
15. c3 Qd6 16. g3 Qd5 17. Qxd5 cxd5 18. a4 a5 19. Bd2 O-O 20. Rfb1 Rfc8 21. b4
b6 22. bxa5 bxa5 23. Rb5 Ne8 24. Rab1 Bd8 25. Rb7 Bc7 26. R7b5 Bd8 27. Kf1 h6
28. h4 Kf8 29. Ke2 Nd6 30. Rc5 Ke7 31. Bf4 Kd7 32. h5 f6 33. g4 Bc7 34. Bxd6
Bxd6 35. Rb7+ Rc7 36. Bb5+ Kc8 37. Rbxc7+ Bxc7 38. Rc6 e5 39. dxe5 fxe5 40. Rg6
Rb8 41. Rxg7 Rb6 42. Rg6 e4 43. Ke3 Rxg6 44. hxg6 Be5 45. c4 dxc4 46. Kxe4 Bg7
47. Kd5 Kd8 48. Ke6 c3 49. Bd3 Ke8 50. f4 Kf8 51. f5 1-0

[Event "Russia-China Match Women"]
[Site "Moscow RUS"]
[Date "2016.06.12"]
[Round "2.2"]
[White "Tan, Zhongyi"]
[Black "Gunina, Valentina"]
[Result "1/2-1/2"]
[WhiteTitle "WGM"]
[BlackTitle "GM"]
[WhiteElo "2509"]
[BlackElo "2518"]
[WhiteTeam "CHN"]
[BlackTeam "RUS"]
[WhiteFideId "8603642"]
[BlackFideId "4167570"]
[EventDate "2016.06.11"]

1. d4 Nf6 2. c4 e6 3. Nc3 Bb4 4. e3 O-O 5. Bd3 c5 6. Nf3 d5 7. O-O cxd4 8. exd4
dxc4 9. Bxc4 b6 10. Bg5 Bb7 11. Qe2 Bxc3 12. bxc3 Nbd7 13. Bd3 Qc7 14. Rac1 Rfe8
15. Rfe1 h6 16. Bd2 Rad8 17. Ne5 Nxe5 18. dxe5 Qc6 19. f3 Ng4 20. Be4 Qc5+ 21.
Be3 Nxe3 22. Qxe3 Qxe3+ 23. Rxe3 Bxe4 24. Rxe4 Rd2 25. Ra4 Re7 26. a3 Red7 27.
Rd4 R7xd4 28. cxd4 Rxd4 29. Rc8+ Kh7 30. Rc7 Ra4 31. Rxf7 Rxa3 32. Re7 b5 33.
Rxe6 b4 34. Re7 a5 35. f4 b3 36. Rb7 a4 37. f5 Ra2 38. f6 Rc2 39. f7 Rc8 40. Kf2
Kg6 41. Ke3 Ra8 42. e6 a3 43. Rxb3 a2 44. f8=Q a1=Q 45. Qf7+ Kh7 46. e7 Qe1+ 47.
Kd3 Qd1+ 48. Ke3 Qc1+ 49. Kd3 Qd1+ 50. Ke3 Qe1+ 51. Kd3 Qe5 52. g4 Qd6+ 53. Ke3
Qe5+ 54. Kf3 Qxh2 55. Qf5+ Kh8 56. Qf8+ Kh7 57. Qf5+ Kh8 58. Qf8+ Kh7 59. Ke4 1/2-1/2

[Event "Russia-China Match Women"]
[Site "Moscow RUS"]
[Date "2016.06.12"]
[Round "2.3"]
[White "Goryachkina, Aleksandra"]
[Black "Ding, Yixin"]
[Result "1/2-1/2"]
[WhiteTitle "WGM"]
[BlackTitle "WGM"]
[WhiteElo "2486"]
[BlackElo "2419"]
[WhiteTeam "RUS"]
[BlackTeam "CHN"]
[WhiteFideId "4147103"]
[BlackFideId "8602972"]
[EventDate "2016.06.11"]

1. d4 Nf6 2. c4 e6 3. Nf3 Bb4+ 4. Nbd2 d5 5. a3 Be7 6. e3 O-O 7. Bd3 b6 8. O-O
Bb7 9. b3 c5 10. Bb2 dxc4 11. Bxc4 cxd4 12. Nxd4 Nc6 13. N2f3 Nxd4 14. Nxd4 Rc8
15. Rc1 Qd6 16. Qe2 Qb8 17. Rfd1 Qa8 18. Qf1 Rfd8 19. Ba6 Ne4 20. b4 Bf6 21.
Bxb7 Qxb7 22. b5 Nc5 23. h3 h6 24. Qe2 a6 25. Rb1 axb5 26. Nxb5 Bxb2 27. Qxb2
Qa6 28. Qb4 Qa4 29. Rxd8+ Rxd8 30. Nd4 Qxb4 31. axb4 Nd3 32. Kf1 Ra8 33. Ke2 Ne5
34. Rc1 Ra2+ 35. Rc2 Rxc2+ 36. Nxc2 Kf8 37. f4 Nd7 38. Kd3 Ke7 39. Kc4 Kd6 40.
Nd4 Nf6 41. Nb5+ 1/2-1/2

[Event "Russia-China Match Women"]
[Site "Moscow RUS"]
[Date "2016.06.12"]
[Round "2.5"]
[White "Lei, Tingjie"]
[Black "Bodnaruk, Anastasia"]
[Result "1-0"]
[WhiteTitle "WGM"]
[BlackTitle "IM"]
[WhiteElo "2487"]
[BlackElo "2479"]
[WhiteTeam "CHN"]
[BlackTeam "RUS"]
[WhiteFideId "8605114"]
[BlackFideId "4181751"]
[EventDate "2016.06.11"]

1. d4 Nf6 2. c4 e6 3. g3 c5 4. d5 exd5 5. cxd5 d6 6. Nc3 g6 7. Bg2 Bg7 8. Nf3
O-O 9. O-O Re8 10. Bf4 h6 11. h3 g5 12. Bc1 Bf5 13. h4 g4 14. Nd2 Nbd7 15. e4
Bg6 16. Nc4 Nb6 17. Nxb6 Qxb6 18. Re1 h5 19. a4 Nd7 20. a5 Qc7 21. f4 gxf3 22.
Bxf3 Ne5 23. Bxh5 Bxh5 24. Qxh5 Qd7 25. Kg2 Ng4 26. Bf4 Be5 27. Re2 Bd4 28. Rf1
f6 29. Nb5 Be5 30. Bxe5 Rxe5 31. Qg6+ Kh8 32. Nxd6 Qxd6 33. Qxg4 Rg8 34. Qf3 Rg6
35. Re3 Kg7 36. Qf4 Qe7 37. Qf3 f5 38. Rfe1 fxe4 39. Rxe4 Rxe4 40. Rxe4 Qd8 41.
Qf5 Qc7 42. Rg4 Rxg4 43. Qxg4+ Kh7 44. Qf5+ Kg7 45. Qg5+ Kh7 46. Qd2 Qd6 47.
Qd3+ Kg7 48. Kh3 b6 49. axb6 axb6 50. h5 b5 51. g4 c4 52. Qd4+ Kf7 53. g5 Qd7+
54. Kg3 Qe7 55. Kf4 Qd6+ 56. Qe5 Qc5 57. g6+ Kf8 58. Kg5 b4 59. Kh6 1-0

[Event "Russia-China Match Women"]
[Site "Moscow RUS"]
[Date "2016.06.13"]
[Round "3.1"]
[White "Ding, Yixin"]
[Black "Lagno, Kateryna"]
[Result "1/2-1/2"]
[WhiteTitle "WGM"]
[BlackTitle "GM"]
[WhiteElo "2419"]
[BlackElo "2524"]
[WhiteTeam "CHN"]
[BlackTeam "RUS"]
[WhiteFideId "8602972"]
[BlackFideId "14109336"]
[EventDate "2016.06.11"]

1. e4 e5 2. Nf3 Nc6 3. Nc3 Nf6 4. d4 exd4 5. Nxd4 Bb4 6. Nxc6 bxc6 7. Bd3 d5 8.
exd5 O-O 9. O-O cxd5 10. h3 Re8 11. Qf3 Rb8 12. Bg5 c6 13. Ne2 Bd6 14. b3 h6 15.
Bxf6 Qxf6 16. Qxf6 gxf6 17. Ng3 Bb4 18. Nf5 Bxf5 19. Bxf5 Re5 20. Bd3 Rbe8 21.
Rad1 Kf8 22. Ba6 R8e6 23. Bc8 Rd6 24. Bg4 d4 25. Rd3 Rc5 26. Bd1 Ra5 27. a4 Rc5
28. Rf3 a5 29. Rf4 Bd2 30. Rf3 f5 31. Rd3 Bb4 32. f4 Rc3 33. Rf2 Rxd3 34. cxd3
Re6 35. Re2 Be1 36. g4 Rxe2 37. Bxe2 fxg4 38. Bxg4 Bd2 39. f5 Ke7 40. Kg2 Kf6
41. Bh5 Kxf5 42. Bxf7 Kf4 43. Kf2 c5 1/2-1/2

[Event "Russia-China Match Women"]
[Site "Moscow RUS"]
[Date "2016.06.13"]
[Round "3.2"]
[White "Guo, Qi"]
[Black "Gunina, Valentina"]
[Result "1/2-1/2"]
[WhiteTitle "IM"]
[BlackTitle "GM"]
[WhiteElo "2447"]
[BlackElo "2518"]
[WhiteTeam "CHN"]
[BlackTeam "RUS"]
[WhiteFideId "8604002"]
[BlackFideId "4167570"]
[EventDate "2016.06.11"]

1. d4 Nf6 2. Nf3 e6 3. c4 b6 4. g3 Bb7 5. Bg2 Bb4+ 6. Bd2 Be7 7. O-O O-O 8. Nc3
c6 9. Bf4 d5 10. Qb3 Nh5 11. Bd2 Nf6 12. Bf4 Nh5 13. Bd2 Nf6 14. Bf4 Bc8 1/2-1/2

[Event "Russia-China Match Women"]
[Site "Moscow RUS"]
[Date "2016.06.13"]
[Round "3.3"]
[White "Goryachkina, Aleksandra"]
[Black "Tan, Zhongyi"]
[Result "1/2-1/2"]
[WhiteTitle "WGM"]
[BlackTitle "WGM"]
[WhiteElo "2486"]
[BlackElo "2509"]
[WhiteTeam "RUS"]
[BlackTeam "CHN"]
[WhiteFideId "4147103"]
[BlackFideId "8603642"]
[EventDate "2016.06.11"]

1. d4 Nf6 2. c4 e6 3. g3 Bb4+ 4. Bd2 Be7 5. Bg2 d5 6. Nf3 O-O 7. O-O c6 8. Qc2
b6 9. Bf4 Bb7 10. Rd1 Nbd7 11. Nc3 dxc4 12. Nd2 Nd5 13. Nxc4 Nxf4 14. gxf4 Qc7
15. e3 Rfd8 16. Rac1 Rac8 17. a3 Nf6 18. Ne5 c5 19. Nb5 Qb8 20. Bxb7 Qxb7 21.
dxc5 Rxd1+ 22. Rxd1 Rxc5 23. Qd3 Rd5 24. Qe2 Nd7 25. Rxd5 Qxd5 26. Nc3 Qb7 27.
Nc4 a6 28. Qd2 h5 29. Qd4 Bf6 30. Qe4 Qxe4 31. Nxe4 b5 32. Nxf6+ Nxf6 33. Ne5
Nd5 34. Kf1 Kf8 35. Ke2 Ke7 36. Kd3 f6 37. Nc6+ Kd6 38. Nd4 g6 39. Nf3 Ne7 40.
Nd2 Kd5 41. Ne4 f5 42. Nd2 e5 43. fxe5 Kxe5 44. f4+ Kd5 45. Nf3 Nc6 46. Nh4 Ne7
47. b4 Kd6 48. Nf3 Kd5 49. Nd4 Nc8 50. Nf3 Ne7 51. Nh4 Kd6 52. e4 Ke6 53. Kd4
fxe4 54. Kxe4 Kf6 55. h3 Nc8 56. Kd5 Nb6+ 57. Kc5 Na4+ 58. Kc6 Nb2 59. Kb6 Nc4+
60. Kxa6 1/2-1/2

[Event "Russia-China Match Women"]
[Site "Moscow RUS"]
[Date "2016.06.13"]
[Round "3.4"]
[White "Pogonina, Natalija"]
[Black "Lei, Tingjie"]
[Result "1-0"]
[WhiteTitle "WGM"]
[BlackTitle "WGM"]
[WhiteElo "2482"]
[BlackElo "2487"]
[WhiteTeam "RUS"]
[BlackTeam "CHN"]
[WhiteFideId "4147855"]
[BlackFideId "8605114"]
[EventDate "2016.06.11"]

1. d4 d5 2. c4 c6 3. e3 Nf6 4. Nc3 e6 5. Nf3 Nbd7 6. Qc2 Bd6 7. Bd3 O-O 8. O-O
dxc4 9. Bxc4 b5 10. Be2 Bb7 11. Rd1 Qc7 12. e4 e5 13. Bg5 exd4 14. Rxd4 Ne5 15.
h3 Nxf3+ 16. Bxf3 Be5 17. Rd2 Rad8 18. Rad1 Rxd2 19. Rxd2 Rd8 20. Rxd8+ Qxd8 21.
Be3 a6 22. g3 Qe7 23. Bg2 c5 24. Nd5 Nxd5 25. exd5 Bd6 26. b3 h5 27. Qc1 Bc8 28.
Bf4 Bf5 29. a3 Kf8 30. Bxd6 Qxd6 31. Qc3 f6 32. h4 Ke7 33. Qe3+ Kf8 34. Bf3 Bg6
35. Qc3 Ke7 36. Qe3+ Kd8 37. Bg2 Bf5 38. Qf3 Bg4 39. Qe4 Qe7 40. Qh7 Kc7 41. Qg8
Qe1+ 42. Kh2 Qxf2 43. Qxg7+ Bd7 44. Qf8 Qd4 45. Qa8 c4 46. bxc4 Qxc4 47. Qa7+
Kd6 48. Qxa6+ Ke7 49. Qb6 Qc3 50. Qa7 Kd6 51. Qf2 Qe5 52. Qd2 Ke7 53. Qh6 Be8
54. Qh7+ Bf7 55. Qd3 Be8 56. Qd2 Bd7 57. Bf3 Be8 58. Qb4+ Kd8 59. Qf8 Qb2+ 60.
Bg2 Qe5 61. Qb4 Bd7 62. d6 Ke8 63. Bf3 Kf7 64. Qb3+ Kg7 65. Qd3 Kh6 66. Qd2+ Kg7
67. Bg2 Qe6 68. Qd4 Kh6 69. Qd5 Qg4 70. Qf7 Qf5 71. Qe7 Be6 72. Qf8+ Kg6 73.
Qe8+ Kg7 74. Qe7+ Kg8 75. Qb7 Bd7 76. Qd5+ Qxd5 77. Bxd5+ Kg7 78. Kg2 Kg6 79.
Kf3 Kf5 80. Bf7 Ke5 81. Bxh5 Kxd6 82. Kf4 Ke7 83. Bg6 Kf8 84. Bf5 Be8 85. Ke4
Kg7 86. Kd5 Kh6 87. Bg4 Kg6 88. Kc5 f5 89. Be2 f4 90. Bd3+ Kh5 91. gxf4 Kg4 92.
f5 Kxh4 93. Bxb5 Bh5 94. a4 Kg5 95. a5 Bf3 96. a6 1-0

[Event "Russia-China Match Women"]
[Site "Moscow RUS"]
[Date "2016.06.14"]
[Round "4.2"]
[White "Gunina, Valentina"]
[Black "Ding, Yixin"]
[Result "1-0"]
[WhiteTitle "GM"]
[BlackTitle "WGM"]
[WhiteElo "2518"]
[BlackElo "2419"]
[WhiteTeam "RUS"]
[BlackTeam "CHN"]
[WhiteFideId "4167570"]
[BlackFideId "8602972"]
[EventDate "2016.06.11"]

1. d4 Nf6 2. c4 e6 3. Nf3 Bb4+ 4. Bd2 Bxd2+ 5. Qxd2 d5 6. Nc3 O-O 7. e3 Qe7 8.
cxd5 exd5 9. Bd3 c6 10. O-O Ne4 11. Qc2 f5 12. Rab1 a5 13. a3 Be6 14. b4 axb4
15. axb4 Nd7 16. Na4 b5 17. Nc5 Ndxc5 18. dxc5 Ra3 19. Nd4 Bd7 20. Ra1 Rfa8 21.
Qb2 Rxa1 22. Rxa1 Rxa1+ 23. Qxa1 g6 24. Nf3 Be8 25. h3 Ng5 26. Nd2 Qg7 27. Qa8
Kf8 28. Qa3 Ne4 29. Bxe4 dxe4 30. f3 exf3 31. Nxf3 Qf6 32. h4 h6 33. Qd3 Kg7 34.
Kh2 Bf7 35. Qd7 Qe6 36. Qd4+ Qf6 37. Qf4 Bd5 38. Nd4 Be4 39. Qc7+ Qf7 40. Qg3
Qe7 41. Ne2 Kh7 42. Qf4 Kg7 43. Kg1 g5 44. Qg3 Kf6 45. Qb8 Bd5 46. Qh8+ Kg6 47.
h5+ Kf7 48. Qh7+ Ke8 49. Qxf5 Qxe3+ 50. Qf2 Qxf2+ 51. Kxf2 Ke7 52. Nd4 Kf6 53.
g4 Be6 54. Nxc6 Bxg4 55. Na7 Ke7 56. Nxb5 Bxh5 57. Nd6 Bg6 58. b5 Kd7 59. Nc4
Be4 60. Ke3 Bh1 61. Ne5+ Kc7 62. Nf7 Bd5 63. Nxh6 Bc4 64. b6+ Kc6 65. Ng4 Ba6
66. Kd4 Kb7 67. Ne5 Be2 68. Ke3 Bd1 69. Nf7 g4 70. Kf4 Ka6 71. Ne5 Ba4 72. Nxg4
Bc6 73. Ke5 Bf3 74. Ne3 Kb5 75. Kd6 Ba8 76. Nd5 Bb7 77. Nc7+ Ka5 78. Ne6 Bf3 79.
Kc7 Ka6 80. c6 1-0

[Event "Russia-China Match Women"]
[Site "Moscow RUS"]
[Date "2016.06.14"]
[Round "4.3"]
[White "Lei, Tingjie"]
[Black "Goryachkina, Aleksandra"]
[Result "1/2-1/2"]
[WhiteTitle "WGM"]
[BlackTitle "WGM"]
[WhiteElo "2487"]
[BlackElo "2486"]
[WhiteTeam "CHN"]
[BlackTeam "RUS"]
[WhiteFideId "8605114"]
[BlackFideId "4147103"]
[EventDate "2016.06.11"]

1. d4 d5 2. c4 c6 3. Nf3 Nf6 4. Nc3 e6 5. Bg5 Nbd7 6. e3 Qa5 7. Nd2 Bb4 8. Rc1
Ne4 9. Ncxe4 dxe4 10. Bh4 Qxa2 11. Be2 Qa5 12. O-O Bxd2 13. Ra1 Qb4 14. Qc2 c5
15. Ra4 Qb6 16. Qxd2 e5 17. Rd1 O-O 18. b4 Qh6 19. Bg3 exd4 20. exd4 Qxd2 21.
Rxd2 cxd4 22. Rxd4 Nf6 23. Bh4 Re8 24. h3 h6 25. c5 Bf5 26. Ra3 a6 27. g4 Be6
28. Bxf6 gxf6 29. Rxe4 Bd5 30. Ree3 Rac8 31. Kh2 Rxe3 32. fxe3 Re8 33. Kg3 Kf8
34. Kf2 Re5 35. Rd3 Ke7 36. Rc3 Bc6 37. Bd3 Bd7 38. Kf3 h5 39. Kf4 hxg4 40. hxg4
Rg5 41. Be2 Bc6 42. Rc1 Bd5 43. Rd1 Bc6 44. Rb1 Rg8 45. Rd1 Rg5 46. Ra1 Rg8 47.
Rb1 Rh8 48. b5 axb5 49. Bxb5 Rh2 50. Bxc6 bxc6 51. Rb7+ Ke6 52. Rc7 Rd2 53.
Rxc6+ Ke7 54. Ra6 Rd1 55. Ke4 Rd2 56. c6 Kd6 57. Ra7 Ke6 58. Ra8 Rc2 59. Re8+
Kd6 60. Rc8 Rc1 61. Kf4 Rc2 62. Kf3 Rc1 63. Kg3 Rc4 64. Kf3 Rc1 65. e4 Rxc6 66.
Ra8 Rc1 67. Ra7 Ke6 68. Ra6+ Ke5 1/2-1/2

[Event "Russia-China Match Women"]
[Site "Moscow RUS"]
[Date "2016.06.14"]
[Round "4.4"]
[White "Tan, Zhongyi"]
[Black "Pogonina, Natalija"]
[Result "1/2-1/2"]
[WhiteTitle "WGM"]
[BlackTitle "WGM"]
[WhiteElo "2509"]
[BlackElo "2482"]
[WhiteTeam "CHN"]
[BlackTeam "RUS"]
[WhiteFideId "8603642"]
[BlackFideId "4147855"]
[EventDate "2016.06.11"]

1. Nf3 d5 2. d4 Nf6 3. c4 e6 4. Nc3 Be7 5. Bg5 h6 6. Bxf6 Bxf6 7. Qb3 c6 8. Rd1
O-O 9. e4 b6 10. cxd5 exd5 11. e5 Be7 12. Bd3 Be6 13. O-O Nd7 14. Bb1 Re8 15.
Ne1 Kh8 16. Qc2 Nf8 17. f4 f5 18. g4 fxg4 19. Ne2 c5 20. Ng2 Bg8 21. f5 Bh7 22.
Qc3 cxd4 23. Nxd4 Rc8 24. Qg3 Bc5 25. Kh1 Qg5 26. Ne2 d4 27. b4 Bd6 28. exd6
Rxe2 29. Qd3 Rce8 30. Qxd4 Nd7 31. Bd3 R2e5 32. Qf4 Qf6 33. Qxg4 Rd5 34. Nf4
Rxd6 35. Nh5 Qf8 36. Bb5 Bxf5 37. Rxd6 Bxg4 38. Rxf8+ Rxf8 39. Rxd7 a6 40. Nf4
Rxf4 41. Rd8+ Kh7 42. Bxa6 Rxb4 43. Bd3+ g6 44. Rd6 Bh5 45. a4 Rxa4 46. Rxb6 Kg7
47. Kg1 Ra2 48. Be4 Rd2 49. Rb3 g5 50. Rd3 Rb2 51. Rd7+ Kf6 52. Rd6+ Ke5 53.
Rxh6 Kxe4 54. Rxh5 Kf3 55. Rh3+ Kf4 1/2-1/2

[Event "Russia-China Match Women"]
[Site "Moscow RUS"]
[Date "2016.06.14"]
[Round "4.5"]
[White "Bodnaruk, Anastasia"]
[Black "Guo, Qi"]
[Result "1/2-1/2"]
[WhiteTitle "IM"]
[BlackTitle "IM"]
[WhiteElo "2479"]
[BlackElo "2447"]
[WhiteTeam "RUS"]
[BlackTeam "CHN"]
[WhiteFideId "4181751"]
[BlackFideId "8604002"]
[EventDate "2016.06.11"]

1. e4 c6 2. d4 d5 3. e5 Bf5 4. Nf3 e6 5. Be2 c5 6. O-O Nc6 7. c3 Bg4 8. Be3 Nge7
9. Nh4 Bxe2 10. Qxe2 cxd4 11. cxd4 Ng6 12. Nxg6 hxg6 13. g3 Be7 14. Nc3 Rc8 15.
Rac1 Bb4 16. Na4 O-O 17. a3 Ba5 18. Nc5 Qe7 19. b4 Bb6 20. f4 Bxc5 21. Rxc5 Qd7
22. Rfc1 b6 23. R5c3 Ne7 24. Qd3 Rxc3 25. Rxc3 Rc8 26. Kf2 Rxc3 27. Qxc3 a6 28.
g4 Qc6 29. Qxc6 Nxc6 30. Ke2 b5 31. Kd3 Kf8 32. Kc3 Ke8 33. Kb3 Kd7 34. a4 Kc7
35. a5 Kd7 36. Kc3 Kc7 37. Kb3 Kd7 38. Kc3 Kc7 39. Kb3 Kd7 40. Kc3 Kc7 41. Kb3 1/2-1/2

[Event "Russia-China Match Women"]
[Site "Moscow RUS"]
[Date "2016.06.15"]
[Round "5.1"]
[White "Lagno, Kateryna"]
[Black "Lei, Tingjie"]
[Result "1/2-1/2"]
[WhiteTitle "GM"]
[BlackTitle "WGM"]
[WhiteElo "2524"]
[BlackElo "2487"]
[WhiteTeam "RUS"]
[BlackTeam "CHN"]
[WhiteFideId "14109336"]
[BlackFideId "8605114"]
[EventDate "2016.06.11"]

1. e4 c5 2. Nf3 Nc6 3. d4 cxd4 4. Nxd4 Nf6 5. Nc3 e5 6. Ndb5 d6 7. Bg5 a6 8. Na3
b5 9. Nd5 Be7 10. Bxf6 Bxf6 11. c4 b4 12. Nc2 O-O 13. h4 a5 14. g3 Be6 15. Bh3
a4 16. b3 axb3 17. axb3 Rxa1 18. Qxa1 Bxd5 19. cxd5 Nd4 20. Nxd4 exd4 21. O-O
Qa8 22. Qxa8 Rxa8 23. Rc1 d3 24. Rc8+ Rxc8 25. Bxc8 h5 26. Ba6 d2 27. Be2 g6 28.
f4 Kg7 29. Kf2 Bd4+ 30. Kf3 Kf6 31. Bd1 Ke7 32. Ke2 Kf6 33. Kxd2 Bf2 34. g4 hxg4
35. Bxg4 Bxh4 36. Ke3 Be1 37. Bd7 Bc3 38. Bb5 Ke7 39. Bc6 Kf6 40. Bb5 Ke7 41.
Bc6 1/2-1/2

[Event "Russia-China Match Women"]
[Site "Moscow RUS"]
[Date "2016.06.15"]
[Round "5.3"]
[White "Guo, Qi"]
[Black "Goryachkina, Aleksandra"]
[Result "1/2-1/2"]
[WhiteTitle "IM"]
[BlackTitle "WGM"]
[WhiteElo "2447"]
[BlackElo "2486"]
[WhiteTeam "CHN"]
[BlackTeam "RUS"]
[WhiteFideId "8604002"]
[BlackFideId "4147103"]
[EventDate "2016.06.11"]

1. d4 Nf6 2. c4 e6 3. Nf3 b6 4. g3 Ba6 5. Qc2 Bb7 6. Bg2 c5 7. d5 exd5 8. cxd5
Nxd5 9. O-O Nc6 10. Rd1 Be7 11. Qa4 Nf6 12. Nh4 O-O 13. Nf5 d5 14. Nc3 Nd4 15.
Nxd4 cxd4 16. Qxd4 Bc5 17. Qd3 Qe7 18. Na4 Rfe8 19. Nxc5 bxc5 20. Bg5 Qxe2 21.
Bxf6 Qxd3 22. Rxd3 gxf6 23. Bxd5 Bxd5 24. Rxd5 Re2 25. Rxc5 Rxb2 26. Ra5 Re8 27.
a3 Ree2 28. Rf1 Rb3 29. Rxa7 Ra2 30. Ra4 Rbxa3 31. Rf4 Kg7 32. Rg4+ Kf8 33. Rh4
Kg7 34. Rg4+ Kf8 35. Rf4 Kg7 36. Rc1 Ra1 37. Rxa1 Rxa1+ 38. Kg2 Ra5 39. h4 Rb5
40. Rg4+ Kf8 41. Rf4 Kg7 1/2-1/2

[Event "Russia-China Match Women"]
[Site "Moscow RUS"]
[Date "2016.06.15"]
[Round "5.4"]
[White "Pogonina, Natalija"]
[Black "Ding, Yixin"]
[Result "1/2-1/2"]
[WhiteTitle "WGM"]
[BlackTitle "WGM"]
[WhiteElo "2482"]
[BlackElo "2419"]
[WhiteTeam "RUS"]
[BlackTeam "CHN"]
[WhiteFideId "4147855"]
[BlackFideId "8602972"]
[EventDate "2016.06.11"]

1. d4 Nf6 2. c4 e6 3. Nf3 Bb4+ 4. Nbd2 d5 5. Qa4+ Nc6 6. a3 Bxd2+ 7. Bxd2 Ne4 8.
e3 O-O 9. Qc2 Nxd2 10. Nxd2 e5 11. dxe5 Nxe5 12. O-O-O dxc4 13. Nxc4 Qe7 14. Qe4
Ng6 15. Qxe7 Nxe7 16. Be2 Be6 17. Rd4 Nc6 18. Rdd1 Rfd8 19. Kc2 Kf8 20. Kc3 a5
21. Bf3 Bxc4 22. Bxc6 Ba6 23. Be4 Ke7 24. b4 axb4+ 25. axb4 h6 26. h4 Rac8 27.
Rxd8 Rxd8 28. Ra1 Rd6 29. Ra5 c6 30. Bc2 Rd8 31. g4 Be2 32. g5 hxg5 33. hxg5 Rh8
34. Re5+ Kd6 35. Rf5 Ke7 36. Bb3 Bh5 37. Ra5 Kd6 38. f4 Bg6 39. f5 b6 40. Ra7
Bxf5 41. Rxf7 g6 42. Rf6+ Ke5 43. Rxc6 Rh3 44. Rxb6 Rxe3+ 45. Kb2 Rg3 46. b5
Rxg5 47. Rb8 Kd6 48. b6 Be4 49. Re8 Re5 50. Rxe5 1/2-1/2